000 00361pab a2200145 454500
008 180718b xxu||||| |||| 00| 0 eng d
100 _aSeetharam, Mukkavilli
245 _aPlanned manpower development to inbue rural youth
650 _a Rural Youth
650 _a Planning
650 _a Manpower Policy
650 _aYouth
773 _aKurukshetra
909 _a533
999 _c533
_d533